Normal view
MARC view
- Kulkarni A (2k51091)
Entry Personal Name
001 - CONTROL NUMBER
- control field: 102299
003 - CONTROL NUMBER IDENTIFIER
- control field: OSt
005 - DATE AND TIME OF LATEST TRANSACTION
- control field: 20221007215929.0
008 - FIXED-LENGTH DATA ELEMENTS
- fixed length control field: 221007|| aca||aabn | a|a d
040 ## - CATALOGING SOURCE
- Original cataloging agency: OSt
- Transcribing agency: OSt
100 ## - HEADING--PERSONAL NAME
- Personal name: Kulkarni A (2k51091)
670 ## - SOURCE DATA FOUND
- Source citation: Work cat.: (OSt)69461: Kulkarni A (2k51091), The Training and the Induction Process, 2007